Plant sociology : (Record no. 53796)
[ view plain ]
| 000 -LEADER | |
|---|---|
| fixed length control field | 00906nam a2200277 a 4500 |
| 001 - CONTROL NUMBER | |
| control field | 53796 |
| 003 - CONTROL NUMBER IDENTIFIER | |
| rucl marc code | BD-RjUL |
| 005 - DATE AND TIME OF LATEST TRANSACTION | |
| control field | 20211209080024.0 |
| 008 - FIXED-LENGTH DATA ELEMENTS--GENERAL INFORMATION | |
| fixed length control field | 161025s1965 nyu|||||s|||||||| ||||| d |
| 035 ## - SYSTEM CONTROL NUMBER | |
| System control number | (BD-RjUL)53918 |
| 040 ## - CATALOGING SOURCE | |
| Original cataloging agency | WaSeSS |
| Transcribing agency | WaSeSS |
| Modifying agency | BD-RjUL |
| Description conventions | rda |
| Language of cataloging | eng |
| 041 ## - LANGUAGE CODE | |
| Language code of text/sound track or separate title | eng |
| 082 ## - DEWEY DECIMAL CLASSIFICATION NUMBER | |
| Edition number | 23 |
| Classification number | 581.7 |
| Author mark and year | BRP 1965 |
| 100 1# - MAIN ENTRY--PERSONAL NAME | |
| Personal name | Braun-Blanquet, J. |
| Dates associated with a name | 1884- |
| 9 (RLIN) | 160686 |
| 245 10 - TITLE STATEMENT | |
| Title | Plant sociology : |
| Remainder of title | the study of plant communities / |
| Statement of responsibility, etc. | J. Braun-Blanquet, Edited by George D. Fuller, Henry S. Conard |
| 260 ## - PUBLICATION, DISTRIBUTION, ETC. (IMPRINT) | |
| Place of publication, distribution, etc. | New York : |
| Name of publisher, distributor, etc. | Hafner Publishing, |
| Date of publication, distribution, etc. | 1965 |
| 300 ## - PHYSICAL DESCRIPTION | |
| Pagination | x, 734 p. : |
| Illustrations | ill. ; |
| Size | 23 cm |
| 500 ## - GENERAL NOTE | |
| General note | Includes Index |
| 506 ## - RESTRICTIONS ON ACCESS NOTE | |
| Terms governing access | License restrictions may limit access. |
| 650 ## - SUBJECT ADDED ENTRY--TOPICAL TERM | |
| Topical term or geographic name as entry element | Plant communities |
| 9 (RLIN) | 160687 |
| Topical term or geographic name as entry element | Plant ecology |
| 9 (RLIN) | 135339 |
| Topical term or geographic name as entry element | Phytogeography |
| 9 (RLIN) | 159204 |
| 700 ## - ADDED ENTRY--PERSONAL NAME | |
| Personal name | Fuller, George D. |
| Personal name | Conard, Henry S. |
| 942 ## - ADDED ENTRY ELEMENTS (KOHA) | |
| Source of classification or shelving scheme | Dewey Decimal Classification |
| Koha item type | Books |
| Lost status | Source of classification or shelving scheme | Damaged status | Not for loan | Collection code | Permanent Location | Current Location | Shelving location | Date acquired | Source of acquisition | Cost, normal purchase price | Total Checkouts | Full call number | Date last seen | Copy number | Koha item type |
|---|---|---|---|---|---|---|---|---|---|---|---|---|---|---|---|
| Dewey Decimal Classification | Non-fiction | Central Library, University of Rajshahi | Central Library, University of Rajshahi | 30/10/1970 | sweit & zeitlinger | 75.00 | 581.7 BRP 1965 | 25/10/2016 | C-2 | Books | |||||
| Dewey Decimal Classification | Not For Loan | Non-fiction | Central Library, University of Rajshahi | Central Library, University of Rajshahi | Reading Room | 02/12/2018 | Sweets & Zeitlinger | 75.00 | 581.7 BRP 1965 | 02/12/2018 | C-1 | Books |